Grades by Age Quiz Stats

Quiz not verified by Sporcle

Also try: 3-Letter Blitz
Challenge
Share
Tweet
Embed
Score 0/13 Timer 03:00
0 Plays Today
age grade % Correct
6-7First
85.5%
13-14Eighth
85.5%
9-10Fourth
83.6%
11-12Sixth
83.6%
12-13Seventh
83.6%
16-17Junior
83.6%
14-15Freshman
81.8%
17-18Senior
81.8%
8-9Third
80%
5-6Kindergarten
78.2%
7-8Second
78.2%
15-16Sophomore
78.2%
10-11Fifth
76.4%

You're not logged in!

Compare scores with friends on all Sporcle quizzes.
Sign Up with Email
OR
Log In

You Might Also Like...

Show Comments

Extras

Top Quizzes Today


Score Distribution

Your Account Isn't Verified!

In order to create a playlist on Sporcle, you need to verify the email address you used during registration. Go to your Sporcle Settings to finish the process.